-
SINGH, J.S. AND BEHL, NISHI
Entry Personal Name
Number of records used in: 1
001 - CONTROL NUMBER
003 - CONTROL NUMBER IDENTIFIER
005 - DATE AND TIME OF LATEST TRANSACTION
- control field:
20250305112306.0
008 - FIXED-LENGTH DATA ELEMENTS
- fixed length control field:
250305|| aca||aabn | a|a d
040 ## - CATALOGING SOURCE
- Original cataloging agency:
JRU
- Transcribing agency:
JRU
100 ## - HEADING--PERSONAL NAME
- Personal name:
SINGH, J.S. AND BEHL, NISHI
670 ## - SOURCE DATA FOUND
- Source citation:
Work cat.: (JRU)6407: SINGH, J.S. AND BEHL, NISHI , LEGAL LANGUAGE WRITING & GENERAL ENGLISH , 2018